banner-ar

كتاب اخبار العلماء اخبار الحكماء / (Record no. 31449)

MARC details
000 -الفاتح
حقل البيانات ثابتة الطول 00853nam a2200181Ia 4500
008 - عناصر البيانات ثابتة الطول - معلومات عامة
حقل البيانات ثابتة الطول 140319s9999 xx 000 0 ara d
040 ## - مصدر الفهرسة
وكالة الفهرسة الأصلية GCL /
وكالة النسخ GCL
082 04 - رقم تصنيف ديوى العشرى
رقم التصنيف 925
رقم المادة ق ك
100 1# - المدخل الرئيسى - إسم شخصى
الإسم الشخصى القفطى : جمال الدين ابو الحسن على بن يوسف بن ابراهيم بن عبدالواحد بن موسى الشيبانى
245 10 - بيان العنوان
العنوان كتاب اخبار العلماء اخبار الحكماء /
بيان المسئوليه,etc القفطى : جمال الدين ابو الحسن على بن يوسف بن ابراهيم بن عبدالواحد بن موسى الشيبانى
490 ## - بيان السلسلة
عنوان السلسلة
650 04 - المدخل الاضافى بالموضوع-مصطلح موضوعى
مصطلح موضوعي الحضارة العربية الاسلامية - المعارف البحرية
650 04 - المدخل الاضافى بالموضوع-مصطلح موضوعى
مصطلح موضوعي العلوم عند العرب
650 04 - المدخل الاضافى بالموضوع-مصطلح موضوعى
مصطلح موضوعي العلماء العرب
942 ## - عناصر المدخل الإضافي( كوها)
مصدر التصنيف او مخطط الترفيف Dewey Decimal Classification
Koha [default] item type كتاب
260 ## - PUBLICATION, DISTRIBUTION, ETC. (IMPRINT)
-- [S.N] :
-- مكتبة المتنبى
Holdings
حالة التراجع حالة الفقد حالة تلف ليس للاعارة المكان المؤقت الموقع الحالى تاريخ الاكتساب اجمالي اﻻعارات رقم الطلب الباركود تاريخ اخر مشاهدة تاريخ تفعيل السعر نوع وعاء كوها
        مكتبة القاهرة الكبرى مكتبة القاهرة الكبرى 03/26/2014   925\ق ك 73598 03/26/2014 03/26/2014 كتاب
        مكتبة القاهرة الكبرى مكتبة القاهرة الكبرى 03/26/2014   925\ق ك 73599 03/26/2014 03/26/2014 كتاب

Powered By

EGPV